| 000 | 00363nam a2200133Ia 4500 | ||
|---|---|---|---|
| 008 | 230907s9999||||xx |||||||||||||| ||und|| | ||
| 082 |
_a530 _bBAU |
||
| 100 |
_aBauer, W. _9115513 |
||
| 245 | 0 | _aUniversity physics with modern physics / | |
| 260 |
_aMcGraw-Hill, _bNew York : _c2011 |
||
| 300 | _axxxi, 1368, [67] p. : | ||
| 650 |
_aTextbooks. _98511 |
||
| 942 | _cBK | ||
| 999 |
_c598621 _d598621 |
||